Представление документа в формате RUSMARC

ПолеНазваниеЗначение
  Тип записи a
  Библиографический уровень m
001 Контрольный номер 0388bf2384254e54b0267ad6f5a8d43f
005 Дата корректировки 20140618141645.3
200 Заглавие и сведения об ответственности 1_
a Заглавие Образование и наука [Электронный ресурс]
f Первые сведения об ответственности Гос.акад.инноваций.Информ.системы и технологии
210 Выходные данные 1_
a Место издания [М.]
c Издательство ГАИН:ИСТ
d Дата издания 2003
215 Физическое описание __
a Объем 1 с.
225 Серия 2_
a Серия Электронная библиотека"Ваше право"
300 Общие примечания __
a Общие примечания В содерж.: Гос. стандарты высш. проф. образования. Гос.требования к основным образоват. прогр. послевуз. проф. образования. Законодательство об образовании
610 Ключевые слова 0_
a Ключевые слова электронный ресурс
610 Ключевые слова 0_
a Ключевые слова высшее профессиональное образование
610 Ключевые слова 0_
a Ключевые слова послевузовское профессиональное образование
610 Ключевые слова 0_
a Ключевые слова государственные стандарты
610 Ключевые слова 0_
a Ключевые слова законодательство об образовании
610 Ключевые слова 0_
a Ключевые слова наука
610 Ключевые слова 0_
a Ключевые слова образование
686 Индексы других классификаций __
a Классификационный индекс 74.04
2 Код системы rubbk
686 Индексы других классификаций __
a Классификационный индекс 67.623
2 Код системы rubbk
801 Источник записи _0
a Страна RU
b Организация РУК
c Дата составления 20040405
g Правила каталогизации PSBO
801 Источник записи _1
a Страна RU
b Организация РУК
c Дата составления 20040405
g Правила каталогизации PSBO
852 Данные о местонахождении __
i Авторский знак О-23
j Шифр хранения ББК 74
901 Тип документа __
t Тип документа m
938 Служебная информация __
a Название организации Головной вуз
b Имя БД BOOK
c Название АИБС АИБС ИРБИС